000 00915cam a2200289 a 4500
999 _c8154
_d8154
001 118921
003 GBCCL
005 20241126110644.0
008 060619s2006 tnuab 001 0 eng d
020 _a0805428550
020 _a9780805495676
024 3 _a9780805428551
035 _a(OCoLC)ocm70136846
040 _aTNE
_cTNE
_dLBB
049 _aLBBK
082 _a225.7
_bWOM
090 _aBS2341.2
_b.W65 2006
245 0 0 _aWomen's evangelical commentary, New Testament /
_cedited by Dorothy Kelley Patterson & Rhonda Harrington Kelley.
260 _aNashville, Tenn. :
_bBroadman & Holman Publishers,
_c2011, c2006.
300 _axxxiii, 993 p. :
_bill., maps (some col.) ;
_c25 cm.
500 _aIncludes index.
630 0 0 _aBible.
_pN.T.
_vCommentaries.
_91362
650 0 _aWomen.
_97503
700 1 _aPatterson, Dorothy Kelley,
_d1943-
_914195
700 1 _aKelley, Rhonda.
_914196
942 _2ddc
_cREF